Jusqu'où irez vous ? #24 (Culture Générale) - Statistiques

Statistiques générales
  • Ce quiz a été pris 154 fois
  • Le résultat moyen est 7 sur 25
Statistiques - réponses
Hint Réponse % Correct
Donnez les deux propositions qui sont des modèles de voiture de la marque Ford
A - Felicia B - Fiesta C - Focus D - Forza
BC / CB
100%
Donnez les deux propositions qui sont les noms des deux bombes A larguées sur les villes d'Hiroshima et Nagasaki en août 1945
A - Big Guy B - Fat Man C - Hell Bell D - Little Boy
BD / DB
84%
Donnez parmi les propositions les deux stades anglais qui ont la plus grande capacité A - Anfield B - Bloomfield Road C - Kassam Stadium D - Old Trafford AD / DA
73%
Donnez les deux propositions qui sont des anciennes premières ministres anglaises A - Amanda Burton B - Liz Taylor C - Margaret Thatcher D - Theresa May CD / DC
65%
Donnez les deux propositions qui sont des franchises de jeux vidéos créés par la société française Ubisoft
A - Assassin's Creed B - Just Dance C - Les Sims D - Resident Evil
AB / BA
50%
Donnez les deux propositions qui sont des villes françaises se trouvant en Gironde (elles font toutes plus de 20000 habitants) : A - Armentières B - Bègles C - Cenon D - Draguignan BC / CB
40%
Donnez les deux propositions qui sont des catégories de club de golf
A - Alus B - Bois C - Fers D - Inox
BC / CB
36%
Donnez parmi les propositions les deux femmes les plus jeunes
A - Marina Foïs B - Marine Tondelier C - Marion Cotillard
D - Mila Kunis
BD / DB
29%
Donnez les deux propositions qui sont des Îles Anglo-Normandes
A - Guernesey B - Inishmurray C - Jersey D - Lambay
AC / CA
28%
Donnez les deux propositions qui sont des noms de pâtisseries bretonnes A - Fallue B - Far breton C - Kouign-amann D - Teurgoule BC / CB
28%
Donnez les deux propositions qui sont des acteurs/actrices présents dans le film Seul au Monde (2000)
A - Ashley Judd B - Helen Hunt C - Matt Damon D - Tom Hanks
BD / DB
21%
Donnez les deux propositions qui sont des belligérants opposés au Sud-Vietnam et aux États-Unis dans la guerre du Vietnam (1955-1975)
A - Chine B - Corée du Nord C - Corée du Sud D - Philippines
AB /BA
20%
Donnez les deux propositions qui sont des personnages du film Camping de 2006 A - Adrien Minc B - Denis Beric C - Jacky Pic D - Patrick Chirac CD /DC
17%
Donnez les deux propositions qui sont des albums de Florent Pagny
A - Châtelet Les Halles B - La Tendresse C - Quai des Orfèvres D - Savoir aimer
AD / DA
12%
Donnez les deux propositions qui sont des prénoms d'enfants reconnus d'Alain Delon
A - André-Fabrice B - Anouchka C - Anthony D - Antoine
BC / CB
12%
Donnez les deux propositions qui sont des romans de Ernest Hemingway
A - Absalom, Absalom! (Absalon, Absalon !) B - For Whom the Bell Tolls (Pour qui sonne le glas) C - Requiem for a Nun (Requiem pour une nonne) D - The Old Man and the Sea (Le Vieil Homme et la Mer)
BD / DB
10%
Donnez les deux propositions qui sont des personnages de la série TV Camping Paradis A - Christian Parizot B - Jérôme Larcin C - Marc Gorgesse D - Tom Delormes AD / DA
8%
Donnez les deux propositions qui sont les animateurs/animatrices qui ont présenté le débat du second tour de la présidentielle le 20 avril 2022 entre Emmanuel Macron et Marine Le Pen
A - Anne-Sophie Lapix B - Gilles Bouleau C - Léa Salamé D - Yves Calvi
BC / CB
6%
Donnez les deux propositions qui sont des émissions de télévision avec Clara Morgane comme animatrice
A - Le Journal du hard B - Les Maternelles C - Strip Tease D - Tellement People
AD / DA
5%
Donnez les deux propositions qui sont des noms de plages présentes dans l'émission TV L'Île de la tentation (Version France) A - Area 69 B - Brazzers Side C - Coconut Island D - Diamante K CD / DC
2%
Donnez les deux propositions qui sont des noms de roches volcaniques
A - Basalte B - Gibbsite C - Magnésite D - Téphrite
AD / DA
1%
Donnez les deux propositions qui sont des noms de rongeurs
A - écureuil antilope B - écureuil dragon C - écureuil pinder D - écureuil volant
AD / DA
1%
Donnez les deux propositions qui sont des cyclistes suisses ayant remporté la Vuelta (Tour d'Espagne) A - Alex Zülle B - Fabian Cancellara C - Laurent Dufaux D - Tony Rominger AD / DA
1%
Donnez les deux propositions qui désignent des collectionneurs de boules (un de boules à neige et l'autre de boules de rampes d'escaliers) A - chionosphéréphile B - ludophile C - opercuphile D - scalaglobuphile AD / DA
1%
Donnez les deux propositions qui sont des oeuvres de Rembrandt A - Crucifix de Santo Spirito B - Jérémie pleurant la destruction de Jérusalem C - La Lapidation de saint Étienne D - Madone de Bruges BC / CB
1%
Aucun quiz correspondant
Distribution des résultats
% des personnes avec chaque résultat
Percentile par nombre de réponses
Votre historique - résultats
Vous n’avez pas pris ce quiz